International seminar and British-Israeli Workshop on greenhouse technology : detailed program and abstracts.
Guardado en:
| Formato: | Libro |
|---|---|
| Idioma: | English |
| Publicado: |
Tel Aviv :
Agricultural Research Organization,
1990.
|
| Etiquetas: |
Agregar Etiqueta
Sin Etiquetas, Sea el primero en etiquetar este registro!
|
| LEADER | 00456nam a22001215a 4500 | ||
|---|---|---|---|
| 001 | EEA.libagro004476 | ||
| 005 | 20181115121330.0 | ||
| 008 | 130809s1990####is############000#0#eng#d | ||
| 082 | 0 | 4 | |a 631.34 |
| 245 | 1 | 0 | |a International seminar and British-Israeli Workshop on greenhouse technology : |b detailed program and abstracts. |
| 260 | |a Tel Aviv : |b Agricultural Research Organization, |c 1990. | ||
| 300 | |a 33 p. ; |c 28 cm. | ||
| 859 | |a AR-BbBCA |b BIB. AGRONOMIA |h 631.34 |i I61 |p 1991/1719 | ||
